| 000 | 00609cam a22002051 4500 | ||
|---|---|---|---|
| 001 | 000019865 | ||
| 005 | 20200929170153.0 | ||
| 008 | 760917t19601961ve a 000 0 spa | ||
| 010 | _a62038895 | ||
| 035 | _a(OCoLC)2437494 | ||
| 040 |
_aDO-SdBNP _cFU _dDLC |
||
| 042 | _apremarc | ||
| 050 | 0 | 0 |
_aAC75 _b.R65 |
| 100 | 1 |
_aRojas, Armando. _94541 |
|
| 245 | 1 | 3 | _aLa redencion de Lucifer y otros ensayos. |
| 260 |
_aCaracas, : _bAsociacion de Escritores Venezolanos, _c1960 [i.e. 1961]. |
||
| 300 |
_a78 p. : _billus. ; _c16 cm. |
||
| 490 | 0 |
_aCuadernos literarios, _v111 |
|
| 910 | _aCatalogación derivada / LC | ||
| 999 |
_c19378 _d19378 |
||